Approach to farming in Southern Rhodesia. (Record no. 120382)
[ view plain ]
| 000 -LEADER | |
|---|---|
| fixed length control field | 00647cam a2200217u 4500 |
| 001 - CONTROL NUMBER | |
| control field | 7929391 |
| 003 - CONTROL NUMBER IDENTIFIER | |
| control field | ARRUPE |
| 005 - DATE AND TIME OF LATEST TRANSACTION | |
| control field | 20140403142300.0 |
| 008 - FIXED-LENGTH DATA ELEMENTS--GENERAL INFORMATION | |
| fixed length control field | 810312s1953 xx 000 0 eng |
| 010 ## - LIBRARY OF CONGRESS CONTROL NUMBER | |
| LC control number | 55059361 |
| 040 ## - CATALOGING SOURCE | |
| Original cataloging agency | DLC |
| Transcribing agency | CarP |
| Modifying agency | DLC |
| 043 ## - GEOGRAPHIC AREA CODE | |
| Geographic area code | f-rh--- |
| 050 00 - LIBRARY OF CONGRESS CALL NUMBER | |
| Classification number | SPC S517.R5 |
| Item number | T7 1953 |
| 300 ## - PHYSICAL DESCRIPTION | |
| Dimensions | 22cm. |
| 100 1# - MAIN ENTRY--PERSONAL NAME | |
| Personal name | Tracey, L. T. [from old catalog] |
| 9 (RLIN) | 9774 |
| 245 10 - TITLE STATEMENT | |
| Title | Approach to farming in Southern Rhodesia. |
| 260 ## - PUBLICATION, DISTRIBUTION, ETC. (IMPRINT) | |
| Place of publication, distribution, etc | [3d. |
| -- | ed.] |
| -- | London, |
| Name of publisher, distributor, etc | University of London Press |
| Date of publication, distribution, etc | [1953] |
| 300 ## - PHYSICAL DESCRIPTION | |
| Extent | 428p.; |
| 650 #0 - SUBJECT ADDED ENTRY--TOPICAL TERM | |
| Topical term or geographic name as entry element | Agriculture |
| Geographic subdivision | Zimbabwe. |
| 9 (RLIN) | 9775 |
| 906 ## - LOCAL DATA ELEMENT F, LDF (RLIN) | |
| a | 0 |
| b | cbc |
| c | premunv |
| d | u |
| e | ncip |
| f | 19 |
| g | y-gencatlg |
| 942 ## - ADDED ENTRY ELEMENTS (KOHA) | |
| Source of classification or shelving scheme | Library of Congress Classification |
| Koha item type | Monograph ( Printed materials) |
| Withdrawn status | Lost status | Source of classification or shelving scheme | Damaged status | Not for loan | Collection code | Home library | Current library | Shelving location | Date acquired | Total Checkouts | Full call number | Barcode | Date last seen | Price effective from | Koha item type |
|---|---|---|---|---|---|---|---|---|---|---|---|---|---|---|---|
| Library of Congress Classification | SPECIAL Collection | ARRUPE LIBRARY | ARRUPE LIBRARY | Main Collection | 03/04/2014 | SPC S517.R5 T7 1953 | 46500002037 | 03/04/2014 | 03/04/2014 | Monograph ( Printed materials) | |||||
| Library of Congress Classification | Main Collection | ARRUPE LIBRARY | ARRUPE LIBRARY | Main Collection | 18/03/2016 | S517.R5T7 1953 | 46500007172 | 10/09/2019 | 18/03/2016 | Monograph ( Printed materials) |